000 00656cab a2200217 4500
001 WB2245-47
008 090401t1986 xxu||||| |||| 00| 0 eng d
035 _a(Sirsi) u27961
041 _aeng
245 _aUnitisation observer
260 _c1986
350 _a0
490 _aEstates Times
_vNo 869 7/11/86 p1
520 _aThe RICS is to adopt the role of official observer at meetings of the newly formed PINCs Association as well as the Barkshire Committee .
650 _aPROPERTY INCOME CERTIFICATES
650 _aPROPERTY INVESTMENT
650 _aUNITISATION
690 _aPROPERTY LAW AND PRACTICE
942 _n0
948 _c04/03/1997
999 _c18853
_d18853